000 00641nam a22002057a 4500
005 20240708152230.0
010 _aENG-140819
020 _c350.00
_a97893866635440
035 _aEN-124351
037 _bDBAD
082 _a658.15
_22
100 _aTripathi, Vanita
_968230
245 _aBasic Financial Management/
_cVanita Tripathi
250 _a2
260 _aNew Delhi
_bTaxmann Publications (P.) Ltd.
_c2017
270 _bNew Delhi
_a59/32,New Rohtak Road
_e110005
_k01145562222
_msales@taxmann.com
300 _aI-22, 386p.
_c23cm (pb)
500 _aChoice Based Credit System
942 _2ddc
_cEN
_h658.15
_mTRI
_e2
999 _c204013
_d204013